|
|
|
|
| LEADER |
00000naa2a2200000 4500 |
| 001 |
607489 |
| 005 |
20250505135938.0 |
| 035 |
|
|
|a (RuTPU)RU\TPU\conf\4881
|
| 035 |
|
|
|a RU\TPU\conf\4880
|
| 090 |
|
|
|a 607489
|
| 100 |
|
|
|a 20140724d2014 k y0rusy50 ba
|
| 101 |
0 |
|
|a eng
|
| 102 |
|
|
|a RU
|
| 105 |
|
|
|a y z 101zy
|
| 135 |
|
|
|a drgn ---uucaa
|
| 181 |
|
0 |
|a i
|
| 182 |
|
0 |
|a b
|
| 200 |
1 |
|
|a Ions separation under external periodic electric field action on salts solutions in polar dielectric liquids
|f I. V. Shamanin, M. A. Kazaryan, I. V. Lomov, D. F. Sid'ko
|
| 203 |
|
|
|a Текст
|c электронный
|
| 225 |
1 |
|
|a Производство и разделение изотопов, плазменные и ионообменные технологии
|
| 300 |
|
|
|a Заглавие с титульного экрана
|
| 320 |
|
|
|a [Библиогр.: с. 127 (4 назв.)]
|
| 337 |
|
|
|a Adobe Reader
|
| 463 |
|
0 |
|0 (RuTPU)RU\TPU\conf\4220
|t Физико-технические проблемы атомной науки, энергетики и промышленности
|o сборник тезисов докладов VI Международной научно-практической конференции, г. Томск, 5-7 июня 2014 г.
|f Национальный исследовательский Томский политехнический университет (ТПУ) ; ред. коллегия О. Ю. Долматов ; С. Н. Ливенцов ; Ю. А. Чурсин
|v [С. 127]
|d 2014
|
| 610 |
1 |
|
|a труды учёных ТПУ
|
| 610 |
1 |
|
|a электронный ресурс
|
| 701 |
|
1 |
|a Shamanin
|b I. V.
|c specialist in the field of nuclear physics
|c Professor of Tomsk Polytechnic University, Doctor of physical and mathematical sciences
|c specialist in the field of nuclear power engineering
|f 1962-
|g Igor Vladimirovich
|3 (RuTPU)RU\TPU\pers\30832
|
| 701 |
|
1 |
|a Kazaryan
|b M. A.
|
| 701 |
|
1 |
|a Lomov
|b I. V.
|
| 701 |
|
1 |
|a Sid'ko
|b D. F.
|
| 712 |
0 |
2 |
|a Национальный исследовательский Томский политехнический университет
|c (2009- )
|9 26305
|
| 801 |
|
2 |
|a RU
|b 63413507
|c 20221027
|g RCR
|
| 850 |
|
|
|a 63413507
|
| 856 |
4 |
|
|u http://earchive.tpu.ru/handle/11683/73371
|
| 942 |
|
|
|c BK
|